000 01095nam a22002295i 4500
001 152828
003 ES-MaACL
005 20230906204904.0
008 040812m18771879ag |||| | spa d
040 _aCAM
_bspa
_cCAM
110 _aBuenos Aires (Argentina, Provincia)
_9200700
240 1 0 _aLeyes, etc.
245 1 0 _aLeyes y decretos promulgados en la provincia de Buenos Aires desde 1810 รก 1876 /
_crecopilados y concordados por Aurelio Prado y Rojas.
260 _aBuenos Aires :
_b[s.n.],
_c1877-1879 (
_fImprenta del Mercurio)
300 _a9 v. ;
_c25 cm.
594 _aTit. de antep.: Nueva recopilacion de leyes y decretos de la provincia de Buenos Aires, 1810-1876.
597 _aT.I: 468, XII p. - T.II: 456, XII p. - T.III: 484, XVII p. - T.IV: 521, XIX p. - T.V: 471, X p. - T.VI: 562, XII p. - T.VII: 443, XII p. - T.VIII: 487, XIV p. - T.IX: 232, CXXIV p.
651 _aDerecho civil-
_zArgentina.
_9221935
700 1 _aPrado y Rojas, Aurelio.
_9131339
852 _aES-MaACL
_jG-1180-88
_z-- Enc. hol.
_z-- Ex-libris ms. de Manuel Torres Campos
999 _c152828
_d152828